Nanomateriály na báze grafénu a ich možné využitie pri získavaní vodíkovej energie

Salvato in:
Dettagli Bibliografici
Autore principale: Čermáková, Kristína (Autore)
Altri autori: Malček, Michal (Relatore della tesi)
Natura: Manoscritto Libro
Lingua:slovacco
Pubblicazione: 2022
Soggetti:
Accesso online:http://is.stuba.sk/zp/portal_zp.pl?podrobnosti=158078
Tags: Aggiungi Tag
Nessun Tag, puoi essere il primo ad aggiungerne!!

MARC

LEADER 00000ntm a22000003a 4500
001 stuzp88996
003 SK-STU
005 20220625211350.4
007 ta
008 150427s2015----xo-----f-mn---000-0-slo-d
040 |a STU  |b slo 
041 0 |a slo 
100 1 |a Čermáková, Kristína  |u 045210  |4 aut  |U FCHPT Ústav fyzikálnej chémie a chemickej fyziky  |T FCHPT Oddelenie fyzikálnej chémie  |X 105395  |U C5210  |Y 117  |7 105395 
242 0 1 |a Graphene-based nanomaterials and their potential application in hydrogen energy  |y eng 
245 1 0 |a Nanomateriály na báze grafénu a ich možné využitie pri získavaní vodíkovej energie 
260 |c 2022 
650 4 |a počítačová chémia  |2 slo 
650 4 |a nanomateriály  |2 slo 
650 4 |a grafén  |2 slo 
650 4 |a vodíková energia  |2 slo 
650 4 |a uskladnenie vodíka  |2 slo 
650 4 |a graphene  |2 eng 
650 4 |a hydrogen energy  |2 eng 
650 4 |a hydrogen storage  |2 eng 
650 4 |a computational chemistry  |2 eng 
650 4 |a nanomaterials  |2 eng 
700 1 |a Malček, Michal  |u 045210  |k Z1  |4 ths  |U FCHPT Ústav fyzikálnej chémie a chemickej fyziky  |T FCHPT Oddelenie fyzikálnej chémie  |X 40681  |U C5210  |Y 117  |7 A000040681 
856 4 |u http://is.stuba.sk/zp/portal_zp.pl?podrobnosti=158078